000
00323nam a22001337a 4500
020
_a
978-93-88163-76-7
082
_a
894.812.3
_b
894.812.3
100
_a
VATSALA, P
245
_a
PALAYAM
260
_a
KOTTAYAM
_b
SAHITHYA PRAVARTHAKA CO-OPERATIVE SOCIETY
300
_a
280
650
_a
MALAYALAM NOVEL
_z
KERALA
942
_c
BK
999
_c
7152
_d
7152